Avions de GTA 5 - Statistiques

Statistiques générales
  • Ce quiz a été pris 31 fois
    23 depuis la dernière actualisation
  • Le résultat moyen est 11 sur 46
Statistiques - réponses
Marque Modèle % Correct
JoBuilt P-996 LAZER
69%
Mammoth Hydra
63%
Buckingham Luxor
44%
Buckingham Luxor Deluxe
44%
Eberhard Titan
44%
Eberhard Titan 250 D
44%
Mammoth F-160 Raiju
38%
Jet
38%
Mammoth Avenger
31%
Mammoth Avenger
31%
Mammoth Avenger
31%
Mammoth Avenger
31%
Avion-cargo
31%
Avion-cargo
31%
B-11 Strikeforce
31%
Buckingham Pyro
31%
RO-86 Alkonost
31%
Mammoth Tula
31%
Volatol
31%
Western Company Besra
25%
Western Company Cuban 800
25%
Western Company Mallard
25%
V-65 Molotok
25%
JoBuilt Velum
25%
JoBuilt Velum - 5 places
25%
Western Company Duster
19%
Western Company Duster 300-H
19%
LF-22 Starling
19%
Mammoth Dodo
13%
Buckingham Miljet
13%
Mammoth Mogul
13%
P-45 Nokota
13%
RM-10 Bombushka
13%
Western Company Rogue
13%
Buckingham Shamal
13%
Buckingham Vestra
13%
Buckingham Alpha-Z1
6%
Dirigeable
6%
Dirigeable Atomic
6%
Dirigeable Xero
6%
Buckingham Howard NX-25
6%
JoBuilt Mammatus
6%
Buckingham Nimbus
6%
Western Company Seabreeze
6%
Mammoth Streamer216
6%
Nagasaki ULM
6%
Aucun quiz correspondant
Distribution des résultats
% des personnes avec chaque résultat
Percentile par nombre de réponses
Votre historique - résultats
Vous n’avez pas pris ce quiz depuis la dernière actualisation